Statistics for Name an Australian Bird by Family: Level 2

Click here to take the quiz!

General Stats

  • This quiz has been taken 3 times
  • The average score is 58 of 92

Answer Stats

FamilyScientific Name#Species Example% Correct
Mud-nestersCorcoracidae2Apostlebird
100%
Pigeons & DovesColumbidae25Banded Fruit-Dove
100%
Woodswallows & alliesArtamidae14Black-backed Butcherbird
100%
KingfishersAlcedinidae10Buff-breasted Paradise-Kingfisher
100%
Geese, Swans & DucksAnatidae21Cotton Pygmy-goose
100%
BowerbirdsPtilonorhynchidae10Golden Bowerbird
100%
Plovers & alliesCharadriidae14Little Ringed Plover
100%
FrogmouthsPodargidae3Marbled Frogmouth
100%
Barn OwlsTytonidae5Masked Owl
100%
ParrotsPsittacidae40Night Parrot
100%
CockatoosCacatuidae14Palm Cockatoo
100%
Kites & alliesAccipitridae17Red Goshawk
100%
Honeyeaters & ChatsMeliphagidae73Regent Honeyeater
100%
Hawk OwlsStrigidae5Rufous Owl
100%
Monarch FlycatchersMonarchidae14White-eared Monarch
100%
Gulls & TernsLaridae23Arctic Tern
67%
Sandpipers & alliesScolopacidae29Asian Dowitcher
67%
Herons & alliesArdeidae14Australasian Bittern
67%
Owlet-nightjarsAegothelidae1Australian Owlet-nightjar
67%
Painted SnipeRostratulidae1Australian Painted-Snipe
67%
PelicansPelecanidae1Australian Pelican
67%
Stilts & AvocetsRecurvirostridae3Banded Stilt
67%
Stone-curlewsBurhinidae2Beach Stone-curlew
67%
Grass-finches & alliesPloceidae19Blue-faced Parrot-Finch
67%
Petrels & ShearwatersProcellaridae30Broad-billed Prion
67%
Australasian WrensMaluridae20Carpentarian Grasswren
67%
Cuckoos & CoucalsCuculidae13Chestnut-breasted Cuckoo
67%
Thornbills & alliesAcanthizidae40Chestnut-breasted Whiteface
67%
Rails & alliesRallidae14Chestnut Rail
67%
JacanasJacanidae1Comb-crested Jacana
67%
Diving-PetrelsPelecanoididae1Common Diving-Petrel
67%
BellbirdsOreoicidae1Crested Bellbird
67%
OspreyPandionidae1Eastern Osprey
67%
SparrowsPasseridae2Eurasian Tree Sparrow
67%
True FinchesFringillidae2European Greenfinch
67%
PardalotesPardalotidae4Forty-spotted Pardalote
67%
GrebesPodicipedidae3Great Crested Grebe
67%
FrigatebirdsFregatidae2Great Frigatebird
67%
FalconsFalconidae6Grey Falcon
67%
Cuckoo-shrikes & TrillersCampephagidae7Ground Cuckoo-shrike
67%
PenguinsSpheniscidae1Little Penguin
67%
Ravens & CrowsCorvidae5Little Raven
67%
Magpie GeeseAnseranatidae1Magpie Goose
67%
MegapodesMegapodiidae3Malleefowl
67%
FantailsRhipiduridae6Mangrove Grey Fantail
67%
Storm-PetrelsOceanitidae6Matsudaira's Storm-Petrel
67%
Starlings & MynasSturnidae3Metallic Starling
67%
FlowerpeckersDicaeidae1Mistletoebird
67%
Scrub-birdsAtrichornithidae2Noisy Scrub-bird
67%
RobinsPetroicidae21Northern Scrub-robin
67%
RollersCoraciidae1Oriental Dollarbird
67%
White-eyesZosteropidae3Pale White-eye
67%
Bee-eatersMeropidae1Rainbow Bee-eater
67%
PittasPittidae3Red-bellied Pitta
67%
Shrike-thrushes & WhistlersPachycephalidae12Red-lored Whistler
67%
ThrushesMuscicapidae4Russet-tailed Thrush
67%
Old World LarksAlaudidae4Skylark
67%
AlbatrossesDiomedeidae9Sooty Albatross
67%
Cassowaries & EmusCasuariidae2Southern Cassowary
67%
Skuas & JaegersStercorariidae5South Polar Skua
67%
DrongosDicruridae1Spangled Drongo
67%
Old World WarblersSylviidae6Spinifexbird
67%
Whipbirds & alliesCinclosomatidae9Spotted Quail-thrush
67%
BristlebirdsDasyornithidae3Western Bristlebird
67%
TreecreepersClimacteridae6White-browed Treecreeper
67%
TropicbirdsPhaethontidae2White-tailed Tropicbird
67%
Quails & PheasantsPhasianidae9*Wild Turkey
67%
PhalaropesPhalaropodidae2Wilson's Phalarope
67%
SunbirdsNectariniidae1Yellow-bellied Sunbird
67%
Ibises & SpoonbillsPlataleidae5Yellow-billed Spoonbill
67%
Pipits & WagtailsMotacillidae2Yellow Wagtail
67%
LyrebirdsMenuridae2Albert's Lyrebird
33%
DartersAnhingidae1Australasian Darter
33%
BustardsOtididae1Australian Bustard
33%
CormorantsPhalacrocoracidae5Black-faced Cormorant
33%
Button-quailsTurnicidae7Buff-breasted Button-quail
33%
Shrike-titsFalcunculidae1Crested Shrike-tit
33%
Swiftlets & SwiftsApodidae5Glossy Swiftlet
33%
BabblersPomatostomidae4Hall's Babbler
33%
NightjarsCaprimulgidae3Large-tailed Nightjar
33%
PratincolesGlareolidae2Oriental Pratincole
33%
Gannets & BoobiesSulidae4Red-footed Booby
33%
Swallows & MartinsHirundinidae6Red-rumped Swallow
33%
BulbulsPycnonotidae1Red-whiskered Bulbul
33%
CranesGruidae2Sarus Crane
33%
OystercatchersHaematopodidae2Sooty Oystercatcher
33%
Birds of ParadiseParadisaeidae4Trumpet Manucode
33%
SittellasNeosittidae1Varied Sittella
33%
Orioles & FigbirdsOriolidae3Yellow Oriole
33%
StorksCiconiidae1Black-necked Stork
0%
Logrunners & ChowchillasOrthonychidae2Chowchilla
0%
Plains-wanderersPedionomidae1Plains-wanderer
0%

Score Distribution

Percentile by Number Answered

Percent of People with Each Score

Your Score History

You have not taken this quiz